| 000 | 00712nam a2200217Ii 4500 | ||
|---|---|---|---|
| 003 | JO-AjNU | ||
| 008 | 230605s9999||||xx |||||||||||||| ||und|| | ||
| 017 | _a93/1821 | ||
| 040 |
_aJO-AjNU _bara _erda _cJO-AjNU |
||
| 041 | _aara | ||
| 050 | 1 | 4 | _aZ662.h5712 1993 |
| 100 | 3 |
_aهيسيل ، الفرد/ترجمة شعبان عبد العزيز خليفة , _eauthor _917884 |
|
| 245 | 0 | 0 | _aتاريخ المكتبات |
| 250 | _aط1 العربية | ||
| 264 | 3 | 1 | _aالقاهرة : المكتبة الاكاديمية ، 1993 |
| 300 | _a198ص | ||
| 336 |
_atext _btxt _2rdacontent |
||
| 337 |
_aunmediated _bn _2rdamedia |
||
| 338 |
_avolume _bnc _2rdacarrier |
||
| 650 | 4 |
_aتاريخ المكتبات _917885 |
|
| 999 |
_aA5617 _c9185 _d9185 |
||